[Event "Mendrisio Swiss Lake op"]
[Site "Mendrisio"]
[Date "2024.09.06"]
[Round "1"]
[White "Sychov, Artem"]
[Black "Vincenti, Leonardo"]
[Result "0-1"]
[WhiteElo "1800"]
[BlackElo "2152"]
[PlyCount "56"]
[EventDate "2024.09.06"]
[EventType "swiss"]
[EventRounds "5"]
[EventCountry "SUI"]
[SourceTitle "EXT 2025"]
[Source "ChessBase"]
[SourceDate "2024.10.14"]
[SourceVersion "1"]
[SourceVersionDate "2024.10.14"]
[SourceQuality "1"]

1. e4 c5 2. Nf3 a6 3. d4 cxd4 4. Nxd4 e5 5. Nf3 Nc6 6. a4 Nf6 7. Nc3 Bb4 8. Bc4 0-0 9. Bg5 Bxc3+ 10. bxc3 Qa5 11. Bxf6 Qxc3+ 12. Nd2 gxf6 13. 0-0 d6 14. f4 exf4 15. Rxf4 Ne5 16. Rh4 Nxc4 17. Nxc4 Qxc4 18. Qh5 Qc5+ 19. Qxc5 dxc5 20. Ra3 Be6 21. e5 fxe5 22. g4 Rfd8 23. Rah3 Kf8 24. Rxh7 Ke7 25. Re3 Rd4 26. Rxe5 Rxg4+ 27. Kf2 Rxa4 28. Rxc5 Rc8 0-1

[Event "San Bernardino op"]
[Site "San Bernardino"]
[Date "2024.06.08"]
[Round "2"]
[White "Cattomio, Roberto"]
[Black "Sychov, Artem"]
[Result "0-1"]
[WhiteElo "1688"]
[BlackElo "1796"]
[PlyCount "46"]
[EventDate "2024.06.08"]
[EventType "swiss"]
[EventRounds "5"]
[EventCountry "SUI"]
[SourceTitle "EXT 2025"]
[Source "ChessBase"]
[SourceDate "2024.10.14"]
[SourceVersion "1"]
[SourceVersionDate "2024.10.14"]
[SourceQuality "1"]

1. e4 e6 2. d4 d5 3. e5 c5 4. c3 Nc6 5. f4 Qb6 6. Nf3 Nh6 7. Bd3 Bd7 8. Bc2 cxd4 9. Nxd4 Bc5 10. Nxc6 Bf2+ 11. Kf1 Bxc6 12. a4 Bh4 13. g3 Be7 14. b4 d4 15. a5 Qc7 16. Ba4 dxc3 17. Nxc3 Rd8 18. Qf3 Bxa4 19. Rxa4 Qc4+ 20. Kg2 Rd3 21. Qxb7 Rxc3 22. Qb8+ Bd8 23. Rd1 Qe2+ 0-1